| 000 | 00450nam a2200157Ia 4500 | ||
|---|---|---|---|
| 008 | 210716s2007 xx 000 0 und d | ||
| 020 | _a0070615926 | ||
| 041 | _aeng | ||
| 082 | _a657.3 WILJ | ||
| 100 | _aWild, John J;Subramanyam, K R;Halsey, Robert F. | ||
| 245 | _aFinancial statement analysis. | ||
| 250 | _a9 | ||
| 260 |
_aNew Delhi _bTata McGraw Hill Publishing Company Ltd _c2007 |
||
| 300 | _axxiii,657 | ||
| 650 | _aManagement Accounting | ||
| 999 |
_c202144 _d202144 |
||